|
|
|
|
| LEADER |
01463nam a22003255i 4500 |
| 001 |
43074 |
| 003 |
BD-DhAAL |
| 005 |
20240910172636.0 |
| 008 |
240910t2021 maua 000 0 eng |
| 010 |
|
|
|a 2021939432
|
| 020 |
|
|
|a 9783035623130
|
| 020 |
|
|
|a 9783035623147
|
| 040 |
|
|
|a DLC
|b eng
|e rda
|c DLC
|d BD-DhAAL
|
| 042 |
|
|
|a pcc
|
| 082 |
|
|
|a 720.711
|2 23
|
| 245 |
1 |
0 |
|a Basics architectural presentation /
|c edited by Bert Bielefeld.
|
| 250 |
|
|
|a second edition.
|
| 264 |
|
1 |
|a Boston, Switzerland :
|b Birkhauser, Verlag,
|c 2021.
|
| 300 |
|
|
|a 396 pages :
|b illustrations (black and white, and colour) ;
|c 22 cm.
|
| 490 |
|
|
|a Basics architecture
|
| 526 |
|
|
|a ARC
|x Md Rashed Bhyuan,
Associate Professor,
Architecture.
Course Name: Design II (ARC102) and Design X (ARC502).
|
| 541 |
|
|
|a Book finder international
|e 43074
|
| 650 |
|
|
|a Architecture--Study and teaching (Higher)
|9 56809
|
| 650 |
|
|
|a Architectural design Study and teaching (Higher)
|9 56810
|
| 650 |
|
|
|a Schools of architecture.
|9 56811
|
| 700 |
1 |
|
|a Bielefeld, Bert,
|e editor.
|9 56790
|
| 830 |
|
|
|a Basics architecture.
|9 56812
|
| 942 |
|
|
|2 ddc
|c BK
|
| 999 |
|
|
|c 46595
|d 46595
|
| 952 |
|
|
|0 0
|1 0
|2 ddc
|4 0
|6 720_711000000000000_BAS
|7 0
|9 76180
|a BRACUL
|b BRACUL
|c GEN
|d 2024-09-10
|e Book Finder International
|g 6001.31
|l 1
|o 720.711 BAS
|p 3010043074
|q 2026-05-17
|r 2026-05-09
|s 2026-05-09
|t 1
|v 6001.31
|w 2024-09-10
|y BK
|x Requisitioned by Md Rashed Bhuyan for the courses named- "Design II (ARC102) and Design X (ARC502)."
|